00406 2200169 4500245003700000020001800037250000900055100001800064700001800082650002300100005001900123260003100142041001400173084001200187300002800199336000900227 aArasy Cintac@teladanrasulhText a979-017-309-1 a2016 a@teladanrasul aFirdaus Agung aRumah Tangga Islam a20240906131536 aJakartabQultumMediac2016 aIndonesia a297.577 aviii + 232 hlm :c23 cm atext